अग्निपथ (Record no. 1016364)

MARC details
000 -LEADER
fixed length control field 00904nam a2200253Ia 4500
003 - CONTROL NUMBER IDENTIFIER
control field OSt
005 - DATE AND TIME OF LATEST TRANSACTION
control field 20221005105622.0
008 - FIXED-LENGTH DATA ELEMENTS--GENERAL INFORMATION
fixed length control field 221004b |||||||| |||| 00| 0 hin d
020 ## - INTERNATIONAL STANDARD BOOK NUMBER
International Standard Book Number 9788189632038 (hbk)
037 ## - SOURCE OF ACQUISITION
Terms of availability Textual
040 ## - CATALOGING SOURCE
Original cataloging agency CRL
Transcribing agency CRL
Language of cataloging hin
041 ## - LANGUAGE CODE
Source of code hin
Language code of text/sound track or separate title hin
100 ## - MAIN ENTRY--PERSONAL NAME
Personal name मुशर्रफ, परवेज़
245 #0 - TITLE STATEMENT
Title अग्निपथ
Remainder of title मेरी आत्मकथा
246 ## - VARYING FORM OF TITLE
Title proper/short title Agnipatha:merī ātmakathā
260 ## - PUBLICATION, DISTRIBUTION, ETC.
Place of publication, distribution, etc. नई दिल्ली
Name of publisher, distributor, etc. रेव मीडिया
Date of publication, distribution, etc. 2007
650 ## - SUBJECT ADDED ENTRY--TOPICAL TERM
Topical term or geographic name entry element विश्व-इतिहास
942 ## - ADDED ENTRY ELEMENTS (KOHA)
Classification part V44Q7y7N43, 152P6
Koha item type Textual
Source of classification or shelving scheme
Holdings
Withdrawn status Lost status Damaged status Not for loan Home library Current library Date acquired Source of acquisition Cost, normal purchase price Total Checkouts Full call number Barcode Date last seen Cost, replacement price Price effective from Koha item type
        Central Library Central Library 2022-10-05 9512, 15/03/2007, Hindi Book Centre 395.00   V44Q7y7N43 152P6 CL1181121 2022-10-05 395.00 2022-10-05 Textual
Copyright @ Delhi University Library System